It looks like you're offline.
Open Library logo
additional options menu

MARC record from Internet Archive

LEADER: 01542cam 2200457Ia 4500
001 ocm37577656
003 OCoLC
005 20160210002652.0
008 970905s1997 maua 000 0 eng d
040 $aMSA$beng$cMSA$dSPP$dUKM$dBAKER$dAU@$dBDX$dYDXCP$dOCLCQ$dOCLCF$dOCLCQ$dOCLCO
015 $aGB97Z0490$2bnb
020 $a1564962768
020 $a9781564962768
035 $a(OCoLC)37577656
050 4 $aTT870$b.L34 1997
082 04 $a736.98
100 1 $aLaFosse, Michael G.
245 10 $aPaper animals /$cMichael G. LaFosse.
260 $aRockport, Mass. :$bQuarry Books ;$aCincinnati, Ohio :$bDistributed by North Light Books,$c℗♭1997.
300 $a72 pages :$bcolor illustrations ;$c28 cm.
336 $atext$btxt$2rdacontent
337 $aunmediated$bn$2rdamedia
338 $avolume$bnc$2rdacarrier
490 1 $aMake it with paper
650 0 $aPaper work.
650 0 $aOrigami.
650 0 $aPaper toy making.
650 7 $aOrigami.$2fast$0(OCoLC)fst01048174
650 7 $aPaper toy making.$2fast$0(OCoLC)fst01052578
650 7 $aPaper work.$2fast$0(OCoLC)fst01052584
830 0 $aMake it with paper.
938 $aBaker & Taylor$bBKTY$c19.99$d14.99$i1564962768$n0002993351$sactive
938 $aBrodart$bBROD$n02922037$c$19.99
938 $aYBP Library Services$bYANK$n8031690
029 1 $aAU@$b000013677892
029 1 $aAU@$b000024796748
029 1 $aNZ1$b3785057
029 1 $aNZ1$b4835331
029 1 $aUNITY$b089963776
994 $aZ0$bPMR
948 $hNO HOLDINGS IN PMR - 103 OTHER HOLDINGS